| 000 | 00000nas##2200000za#4500 |
| 001 | 9.513998 |
| 003 | CaOODSP |
| 005 | 20210312105525 |
| 007 | tb |
| 008 | 150406c1990||||xxc|| p d||||f| |0fre|d |
| 022 | |a1196-5215 |
| 040 | |aCaOODSP|bfre |
| 043 | |an-cn--- |
| 086 | 1 |aHR1F-LP |
| 110 | 2 |aCommission canadienne des droits de la personne. |
| 245 | 10|aCommission canadienne des droits de la personne - rapport annuel |
| 260 | |aOttawa - Ontario : |bCommission canadienne des droits de la personne |
| 310 | |aAnnuel |
| 362 | 1 |a[1990?]-- |
| 520 | 3 |aRapport au Parlement sur les activités de la Commission canadienne des droits de la personne. |
| 691 | 07|aDroits de la personne|2gcpds |
| 775 | 08|tCanadian Human Rights Commission - annual report |w(CaOODSP)9.515675 |
| 776 | 0#|tCommission canadienne des droits de la personne - rapport annuel |w(CaOODSP)9.511931 |
| 776 | 0#|tCanadian Human Rights Commission - annual report |w(CaOODSP)9.511930 |